书目信息 |
| 题名: |
我的生活
|
|
| 作者: | 冯玉祥 著 | |
| 分册: | ||
| 出版信息: | 北京 中国工人出版社 2007.09 |
|
| 页数: | 422页 | |
| 开本: | 24cm | |
| 丛书名: | 三昧人物志 | |
| 单 册: | ||
| 中图分类: | K825.2=6 | |
| 科图分类: | ||
| 主题词: | ||
| 电子资源: | ||
| ISBN: | 978-7-5008-3827-2 | |
| 000 | 00938nam 2200253 450 | |
| 001 | 012007926782 | |
| 005 | 20071226141028.12 | |
| 010 | @a978-7-5008-3827-2@dCNY35.00 | |
| 100 | @a20071226d2007 km y0chiy0120 ea | |
| 101 | 0 | @achi |
| 102 | @aCN@b110000 | |
| 105 | @ay z 000ya | |
| 106 | @ar | |
| 200 | 1 | @a我的生活@Awo de sheng huo@f冯玉祥著@Ffeng yu xiang zhu |
| 210 | @a北京@c中国工人出版社@d2007.09 | |
| 215 | @a422页@d24cm | |
| 225 | 2 | @a三昧人物志@Asan mei ren wu zhi@i记忆书系 |
| 330 | @a本书主要讲述了冯玉祥将军从出生、到弱冠从军、滦州起义、兴兵讨袁、力挫张勋、驱逐末代皇帝,以至誓师北伐等的全过程,真实反映了冯玉祥将军从一个贫苦百姓的儿子,成长为赫赫有名的战将的艰苦磨难的心路历程。 | |
| 410 | 0 | @12001 @a三昧人物志@i记忆书系 |
| 600 | 0 | @a冯玉祥,@Afeng yu xiang@f1882-1948@x自传 |
| 690 | @aK825.2=6@v4 | |
| 701 | 0 | @a冯玉祥@Afeng yu xiang@4著 |
| 801 | 0 | @aCN@bQSSK@c20071226 |
| 905 | @b271834-36@dK825.2=6@eF537@f3 | |
| 我的生活/冯玉祥著.-北京:中国工人出版社,2007.09 |
| 422页;24cm.-(三昧人物志.记忆书系) |
| ISBN 978-7-5008-3827-2:CNY35.00 |
| 本书主要讲述了冯玉祥将军从出生、到弱冠从军、滦州起义、兴兵讨袁、力挫张勋、驱逐末代皇帝,以至誓师北伐等的全过程,真实反映了冯玉祥将军从一个贫苦百姓的儿子,成长为赫赫有名的战将的艰苦磨难的心路历程。 |
| ● |
| 相关链接 |
|
|
|
正题名:我的生活
索取号:K825.2=6/F537
 
预约/预借
| 序号 | 登录号 | 条形码 | 馆藏地/架位号 | 状态 | 备注 |
| 1 | 271834 | 202718345 | 社科库309/309社科库 47排6列5层/ [索取号:K825.2=6/F537] | 在馆 | |
| 2 | 271835 | 202718354 | 社科库309/309社科库 47排6列5层/ [索取号:K825.2=6/F537] | 在馆 | |
| 3 | 271836 | 202718363 | 社科库309/309社科库 47排6列5层/ [索取号:K825.2=6/F537] | 在馆 |